Law lords ease the burden of access (Record no. 117649)
[ view plain ]
| 000 -LEADER | |
|---|---|
| fixed length control field | 01545cam a2200277 4500 |
| 001 - CONTROL NUMBER | |
| control field | ABS67978 |
| 008 - FIXED-LENGTH DATA ELEMENTS--GENERAL INFORMATION | |
| fixed length control field | 040705n2004 000 0 eng u |
| 035 ## - SYSTEM CONTROL NUMBER | |
| System control number | (Sirsi) u126702 |
| 100 ## - MAIN ENTRY--PERSONAL NAME | |
| Personal name | McCartney, P. |
| 245 ## - TITLE STATEMENT | |
| Title | Law lords ease the burden of access |
| 260 ## - PUBLICATION, DISTRIBUTION, ETC. | |
| Date of publication, distribution, etc. | 2004 |
| 490 ## - SERIES STATEMENT | |
| Series statement | Estates Gazette |
| Volume/sequential designation | (0426) 26 June 2004, 184-186(3) |
| 520 ## - SUMMARY, ETC. | |
| Summary, etc. | "Bakewell Management Ltd v Brandwood" ([2004] UKHL 14, Abs67683) sets an important precedent for property owners requiring vehicular access over common land."Bakewell" implies that where vehicular access has taken place for more than 20 years there is an established right of access under the prescription rules. Refers to previous precedents "Hanning v Top Deck Travel Group Ltd" (CA, [1994] 68 P&CR 14) and "Massey v Boulden" ([2002] EWCA Civ 1634, Abs66173) which "upheld" the rights of the landowners. Notes that "Bakewell" does not address the question of town and village greens. States that "Bakewell" undermines the Countryside and Rights of Way Act 2000 s68. For DEFRA guidance on "Bakewell" see WB4019-16. |
| 590 ## - LOCAL NOTE (RLIN) | |
| Local note | ABS |
| 590 ## - LOCAL NOTE (RLIN) | |
| Local note | ABS |
| 650 ## - SUBJECT ADDED ENTRY--TOPICAL TERM | |
| Topical term or geographic name entry element | BAKEWELL MANAGEMENT LTD V BRANDWOOD AND OTHERS |
| 650 ## - SUBJECT ADDED ENTRY--TOPICAL TERM | |
| Topical term or geographic name entry element | HANNING V TOP DECK TRAVEL GROUP LTD |
| 650 ## - SUBJECT ADDED ENTRY--TOPICAL TERM | |
| Topical term or geographic name entry element | MASSEY AND ANOTHER V BOULDEN AND ANOTHER |
| 650 ## - SUBJECT ADDED ENTRY--TOPICAL TERM | |
| Topical term or geographic name entry element | VEHICULAR ACCESS |
| 650 ## - SUBJECT ADDED ENTRY--TOPICAL TERM | |
| Topical term or geographic name entry element | RIGHT OF ACCESS |
| 650 ## - SUBJECT ADDED ENTRY--TOPICAL TERM | |
| Topical term or geographic name entry element | PRESCRIPTIVE RIGHTS |
| 650 ## - SUBJECT ADDED ENTRY--TOPICAL TERM | |
| Topical term or geographic name entry element | LAW OF PROPERTY ACT 1925 |
| 650 ## - SUBJECT ADDED ENTRY--TOPICAL TERM | |
| Topical term or geographic name entry element | COUNTRYSIDE AND RIGHTS OF WAY ACT 2000 |
| 690 ## - LOCAL SUBJECT ADDED ENTRY--TOPICAL TERM (OCLC, RLIN) | |
| Topical term or geographic name as entry element | BOUNDARIES, PARTY WALLS AND EASEMENTS |
| 942 ## - ADDED ENTRY ELEMENTS (KOHA) | |
| Suppress in OPAC | 0 |
| Withdrawn status | Lost status | Source of classification or shelving scheme | Damaged status | Not for loan | Home library | Current library | Shelving location | Date acquired | Total Checkouts | Full call number | Barcode | Date last seen | Copy number | Price effective from | Koha item type |
|---|---|---|---|---|---|---|---|---|---|---|---|---|---|---|---|
| Dewey Decimal Classification | London | London | Journal article | 05/07/2004 | ABS67978 | 126702-1001 | 06/08/2019 | 1 | 06/08/2019 | Journal article |